000 00487nam a2200181Ia 4500
003 GCL
008 140319s9999 xx 000 0 ara d
040 _aGCL /
_cGCL
082 0 4 _a740
_bم ز
100 1 _aمحمد توفيق جاد
245 1 0 _aالزخرفة التاريخية /
_cمحمد توفيق جاد
300 _a185 ص
490 _a
650 0 4 _aالفن المصرى القديم
650 0 4 _aالزخرفة
650 0 4 _aالفن القوطى
942 _2ddc
_cBK
999 _c44855
_d44855